| 000 | 00653nam a2200229 a 4500 | ||
|---|---|---|---|
| 999 |
_c11582 _d11582 |
||
| 001 | 11582 | ||
| 003 | BD-JhCC | ||
| 005 | 20220519134021.0 | ||
| 008 | 200331b2020 bg a|||| ||a| 000 0 ben d | ||
| 020 | _a9789848072639 | ||
| 035 | _a(BD-JhCC)11582 | ||
| 040 |
_aBD-JhCC _dBD-JhCC |
||
| 041 | _aben | ||
| 082 |
_a158 _bMUQ 2020 |
||
| 100 | _aমুক্তাদির, সালমান | ||
| 245 |
_aBehind The Sin / _cসালমান মুক্তাদির । |
||
| 260 |
_aঢাকা: _bঅধ্যায়ন; _c২০২০. |
||
| 300 |
_a104 p. : _bill; _c22 cm |
||
| 650 | _asuccess | ||
| 942 |
_2ddc _cBK _09 |
||